Communities and Local Government Committee (Record no. 80247)
[ view plain ]
| 000 -LEADER | |
|---|---|
| fixed length control field | 01475cad a22002055a 4500 |
| 001 - CONTROL NUMBER | |
| control field | L143621 |
| 008 - FIXED-LENGTH DATA ELEMENTS--GENERAL INFORMATION | |
| fixed length control field | 080521e20080421xxk f f000 0 eng d |
| 035 ## - SYSTEM CONTROL NUMBER | |
| System control number | (Sirsi) u143621 |
| 041 0# - LANGUAGE CODE | |
| Language code of text/sound track or separate title | eng |
| 110 1# - MAIN ENTRY--CORPORATE NAME | |
| Corporate name or jurisdiction name as entry element | United Kingdom |
| Subordinate unit | Parliament |
| -- | House of Commons |
| -- | Select Committee for Communities and Local Government |
| 9 (RLIN) | 4987 |
| 240 04 - UNIFORM TITLE | |
| Uniform title | The supply of rented housing |
| 245 00 - TITLE STATEMENT | |
| Title | Communities and Local Government Committee |
| Remainder of title | eighth report |
| Medium | [electronic resource] |
| 260 ## - PUBLICATION, DISTRIBUTION, ETC. | |
| Place of publication, distribution, etc. | London |
| Name of publisher, distributor, etc. | UK Parliament |
| Date of publication, distribution, etc. | 2008 |
| 520 ## - SUMMARY, ETC. | |
| Summary, etc. | Addresses the problems faced by the rented housing sector. Policy has often treated renting occupiers as second best to owner occupiers. Supply of private and social rented housing needs to be increased to reach government targets. Quality issues should be addressed, and greater varieties of private tenancy made available. The housing benefit system should be tailored to deal with late payments and also to encourage claimants into work. More effective regulation of the private sector is required. Social sector right to buy has been beneficial, but resulted in the proliferation of rented flats rather than family homes. |
| 590 ## - LOCAL NOTE (RLIN) | |
| Local note | KA NTK |
| 651 #4 - SUBJECT ADDED ENTRY--GEOGRAPHIC NAME | |
| Geographic name | United Kingdom |
| Chronological subdivision | |
| 690 ## - LOCAL SUBJECT ADDED ENTRY--TOPICAL TERM (OCLC, RLIN) | |
| Topical term or geographic name as entry element | PROPERTY-RESIDENTIAL PROPERTY-RESIDENTIAL PROPERTY TENURE-LEASEHOLD RESIDENTIAL PROPERTY |
| 856 40 - ELECTRONIC LOCATION AND ACCESS | |
| Uniform Resource Identifier | <a href="https://www.publications.parliament.uk/pa/cm200708/cmselect/cmcomloc/457/45702.htm">https://www.publications.parliament.uk/pa/cm200708/cmselect/cmcomloc/457/45702.htm</a> |
| Public note | View the item free of charge at www.publications.parliament.uk... |
| 942 ## - ADDED ENTRY ELEMENTS (KOHA) | |
| Suppress in OPAC | 0 |
| Withdrawn status | Lost status | Source of classification or shelving scheme | Damaged status | Not for loan | Home library | Current library | Shelving location | Date acquired | Total Checkouts | Full call number | Barcode | Date last seen | Copy number | Price effective from | Koha item type |
|---|---|---|---|---|---|---|---|---|---|---|---|---|---|---|---|
| Dewey Decimal Classification | Virtual | Virtual | Online | 21/05/2008 | ONLINE PUBLICATION | 143621-1001 | 06/08/2019 | 1 | 06/08/2019 | Journal article |